000 00268nam a22001097a 4500
008 170124b xxu||||| |||| 00| 0 eng d
020 _a9780323024082
041 _aeng
080 _24TH
_a618.2
245 _aPHARMACOLOGY AND THE NURSING PROCESS
_cLILLEY
942 _2udc
_cBK
999 _c3501
_d3501